000 00349nam a2200145Ia 4500
008 151213s9999 xx 000 0 und d
100 _aM. Farami
245 _aThe Negotiable Instruments Acts - 1881
_cM. Farami
260 _aLahore
_bModern's Book
300 _a2091 p.
650 _aLaw
650 _aLaw
700 _aM. Farami
999 _c1541
_d1541